000 00628cab a2200229 4500
001 WB3136-53
008 090401t1995 xxu||||| |||| 00| 0 eng d
035 _a(Sirsi) u74887
041 _aeng
245 _aExtra links to Heathrow
260 _c1995
350 _a0
490 _aFinancial Times
_v27 September 1995, 9(1)
520 _aBAA are seeking private and public funding for its proposed improved rail links with Heathrow.
650 _aBAA
650 _aHEATHROW AIRPORT
650 _aPRIVATE FUNDING
650 _aRAILWAYS
690 _aTRANSPORT AND COMMUNICATIONS
942 _n0
948 _c04/03/1997
999 _c47182
_d47182